[Event "4NCL/Div2/HKF1 vs. BRI2"]
[Site "West Bromwich ENG"]
[Date "2004.09.19"]
[Round "2.6"]
[White "Spiller, Paul"]
[Black "Crouch, Colin"]
[Result "0-1"]
[WhiteElo "2040"]
[BlackElo "2378"]
[PlyCount "72"]
[EventDate "2004.09.19"]
[SourceDate "2004.09.21"]

1. e4 c5 2. d4 cxd4 3. c3 d6 4. cxd4 Nf6 5. Nc3 g6 6. Nf3 Bg7 7. Bb5+ Nfd7 8.
O-O O-O 9. Be3 a6 10. Bd3 Nc6 11. Rc1 e5 12. Bb1 exd4 13. Nxd4 Nde5 14. Nxc6
bxc6 15. Na4 c5 16. f3 Be6 17. b3 f5 18. exf5 gxf5 19. Qd2 Ra7 20. Nc3 Rd7 21.
Ne2 Kh8 22. Nf4 Qe8 23. Rfe1 Bg8 24. Qe2 a5 25. Bd2 Ra7 26. Nh3 Qh5 27. Nf4 Qf7
28. Qf2 Rb8 29. Qh4 a4 30. Bc2 axb3 31. Bxb3 Bf6 32. Qh6 Qg7 33. Qxg7+ Rxg7 34.
Re3 Bg5 35. Rec3 Bxb3 36. axb3 Rb4 0-1

[Event "4NCL/Div2/HKF1 vs. BRI2"]
[Site "West Bromwich ENG"]
[Date "2004.09.19"]
[Round "2.7"]
[White "Broomfield, Matthew"]
[Black "McArthur, James"]
[Result "1-0"]
[WhiteElo "2277"]
[BlackElo "1890"]
[PlyCount "78"]
[EventDate "2004.09.19"]
[SourceDate "2004.09.21"]

1. e4 c5 2. Nf3 Nc6 3. Bb5 e6 4. O-O d6 5. c3 Bd7 6. d4 cxd4 7. cxd4 a6 8. Ba4
b5 9. Bb3 Na5 10. Bc2 h6 11. Nc3 Ne7 12. b3 Rc8 13. Bd2 g6 14. a4 bxa4 15. Nxa4
Bb5 16. Re1 Bg7 17. Nc3 Nac6 18. Nxb5 axb5 19. d5 Bxa1 20. Qxa1 e5 21. dxc6
Nxc6 22. Bd3 Rb8 23. Rc1 Qb6 24. Be3 Qb7 25. Qc3 Kd7 26. b4 g5 27. Qb3 Rhf8 28.
Bb1 Qa6 29. Qd5 Ne7 30. Qd2 f6 31. h4 Ng6 32. hxg5 hxg5 33. Ba2 Rbc8 34. Rd1
Ke7 35. Qd5 Rc6 36. Qe6+ Kd8 37. Bd5 Qc8 38. Nxg5 Kc7 39. Bxc6 fxg5 1-0

[Event "4NCL/Div2/HKF1 vs. BRI2"]
[Site "West Bromwich ENG"]
[Date "2004.09.19"]
[Round "2.8"]
[White "McAfee, Oliver"]
[Black "Lindner, Daniel"]
[Result "0-1"]
[WhiteElo "1630"]
[BlackElo "2236"]
[PlyCount "86"]
[EventDate "2004.09.19"]
[SourceDate "2004.09.21"]

1. d4 Nf6 2. e3 g6 3. Bd3 Bg7 4. f4 O-O 5. Nf3 d6 6. O-O Nbd7 7. b3 e5 8. dxe5
dxe5 9. fxe5 Ng4 10. Bb2 Nxe3 11. Qe1 Nxf1 12. Bxf1 Re8 13. Nbd2 Qe7 14. Nc4 b5
15. Na5 Nxe5 16. Nxe5 Bxe5 17. Bxe5 Qc5+ 18. Qf2 Rxe5 19. Qxc5 Rxc5 20. Rc1 b4
21. Nc4 a5 22. Rd1 Be6 23. Rc1 a4 24. g3 Kg7 25. h4 axb3 26. axb3 Ra2 27. Bd3
Bf5 28. Bxf5 Rxf5 29. Kg2 h5 30. Ne3 Rc5 31. Kf3 Rc3 32. Kf4 Ra5 33. Ke4 c6 34.
Kf4 Kf6 35. Nc4 Rf5+ 36. Ke4 Rxg3 37. Rd1 Rg4+ 38. Ke3 Rd5 39. Rf1+ Ke6 40. Re1
Rxc4 41. Kf3+ Re5 42. Rxe5+ Kxe5 43. bxc4 Kd4 0-1

[Event "4NCL/Div2/PYO vs. NWE2"]
[Site "West Bromwich ENG"]
[Date "2004.09.19"]
[Round "2.1"]
[White "Martyn, Rafe"]
[Black "Hague, Ben"]
[Result "1-0"]
[WhiteElo "2322"]
[BlackElo "2264"]
[PlyCount "53"]
[EventDate "2004.09.19"]
[SourceDate "2004.09.21"]

1. d4 g6 2. c4 Bg7 3. Nc3 d6 4. Nf3 f5 5. g3 Nf6 6. Bg2 O-O 7. O-O Nc6 8. d5
Ne5 9. Nxe5 dxe5 10. Qb3 e4 11. Rd1 Kh8 12. f3 exf3 13. exf3 a6 14. Be3 Qe8 15.
Re1 b6 16. Bf4 Qd8 17. Be5 e6 18. Rad1 exd5 19. cxd5 Ne8 20. f4 Nd6 21. Ne2 Bd7
22. Nd4 Rb8 23. Qc3 Rf7 24. Ne6 Bxe6 25. dxe6 Re7 26. Bxg7+ Rxg7 27. e7 1-0

[Event "4NCL/Div2/PYO vs. NWE2"]
[Site "West Bromwich ENG"]
[Date "2004.09.19"]
[Round "2.2"]
[White "Lund, D Brett"]
[Black "Bigg, Andrew J"]
[Result "1/2-1/2"]
[WhiteElo "2212"]
[BlackElo "2275"]
[PlyCount "85"]
[EventDate "2004.09.19"]
[SourceDate "2004.09.21"]

1. g3 e5 2. c4 Nc6 3. Bg2 d6 4. Nc3 g6 5. e4 Bg7 6. Nge2 h5 7. h4 Nf6 8. d3 Nd7
9. Bg5 f6 10. Be3 Nc5 11. Rb1 O-O 12. b4 Ne6 13. O-O Qe8 14. Qd2 f5 15. Nd5
Ncd8 16. exf5 gxf5 17. f4 c6 18. Ndc3 Qg6 19. Kh2 Rf7 20. d4 exd4 21. Nxd4 Nxd4
22. Bxd4 Be6 23. Qd3 Bxd4 24. Qxd4 Rg7 25. Rf3 Nf7 26. Re1 c5 27. bxc5 Rc8 28.
cxd6 Rxc4 29. Qd3 Rc6 30. d7 Nd8 31. Rfe3 Rxd7 32. Qb5 Rd2 33. Kh1 Rb6 34. Qe5
Nf7 35. Qb8+ Kh7 36. Qxa7 Rbb2 37. R1e2 Rxe2 38. Rxe2 Rxe2 39. Nxe2 Bc4 40. Qe3
Bxe2 41. Qxe2 Qxg3 42. Qxh5+ Nh6 43. Qf3 1/2-1/2

[Event "4NCL/Div2/PYO vs. NWE2"]
[Site "West Bromwich ENG"]
[Date "2004.09.19"]
[Round "2.3"]
[White "Rendle, Thomas E"]
[Black "Charleshouse, Glenn L"]
[Result "0-1"]
[WhiteElo "2258"]
[BlackElo "2267"]
[PlyCount "78"]
[EventDate "2004.09.19"]
[SourceDate "2004.09.21"]

1. f4 c5 2. Nf3 e6 3. d3 Nc6 4. g3 g6 5. Bg2 Bg7 6. O-O Nge7 7. Nc3 O-O 8. e4
d6 9. Be3 Nd4 10. e5 Nef5 11. Bf2 Nxf3+ 12. Bxf3 Nd4 13. exd6 Qxd6 14. Ne4 Qc7
15. Bg2 e5 16. c3 Ne6 17. fxe5 Bxe5 18. Qb3 Bd7 19. Be3 Bc6 20. Rad1 Rad8 21.
Rd2 Bd5 22. Nf6+ Bxf6 23. Bxd5 Bg5 24. Bxg5 Nxg5 25. Qxb7 Qe5 26. Bg2 Rb8 27.
Qxa7 Qe3+ 28. Rdf2 Rxb2 29. Qc7 Rxf2 30. Rxf2 Qc1+ 31. Rf1 Qxc3 32. Qf4 h6 33.
Qc4 Qe5 34. a4 Rb8 35. Qf4 Qe8 36. Bc6 Nh3+ 37. Kh1 Qxc6+ 38. Qe4 Qxe4+ 39.
dxe4 Ng5 0-1

[Event "4NCL/Div2/PYO vs. NWE2"]
[Site "West Bromwich ENG"]
[Date "2004.09.19"]
[Round "2.4"]
[White "Hulmes, David I"]
[Black "Player, Edmund C"]
[Result "1/2-1/2"]
[WhiteElo "2206"]
[BlackElo "2154"]
[PlyCount "51"]
[EventDate "2004.09.19"]
[SourceDate "2004.09.21"]

1. e4 e6 2. d4 d5 3. Nd2 Nf6 4. e5 Nfd7 5. Bd3 c5 6. c3 Nc6 7. Ne2 Qb6 8. Nf3
cxd4 9. cxd4 f6 10. exf6 Nxf6 11. O-O Bd6 12. b3 O-O 13. Bf4 Bxf4 14. Nxf4 Bd7
15. Rc1 Rae8 16. Bb1 Re7 17. g3 g5 18. Nxg5 Nxd4 19. Nf3 Nxf3+ 20. Qxf3 Qd6 21.
Rfd1 Bc6 22. Nh5 e5 23. Nxf6+ Rxf6 24. Qc3 Qe6 25. Qe1 Qg4 26. Bd3 1/2-1/2

[Event "4NCL/Div2/PYO vs. NWE2"]
[Site "West Bromwich ENG"]
[Date "2004.09.19"]
[Round "2.5"]
[White "Bennet, William D"]
[Black "Spence, David"]
[Result "1-0"]
[WhiteElo "2084"]
[BlackElo "2236"]
[PlyCount "75"]
[EventDate "2004.09.19"]
[SourceDate "2004.09.21"]

1. d4 d5 2. c4 c6 3. Nc3 Nf6 4. Bg5 Ne4 5. Nxe4 dxe4 6. Qd2 h6 7. Bh4 g5 8. Bg3
Bg7 9. e3 Bf5 10. Ne2 O-O 11. Nc3 c5 12. d5 Nd7 13. Be2 Qb6 14. O-O Qg6 15.
Rad1 Ne5 16. d6 Rfd8 17. Qd5 exd6 18. Qxb7 Rab8 19. Qc7 Qe6 20. Nb5 Rbc8 21.
Qxa7 h5 22. Bxh5 Nxc4 23. Nxd6 Nxd6 24. Rxd6 Rxd6 25. Bxd6 c4 26. Ba3 Be5 27.
Rd1 Kg7 28. h3 Rh8 29. Bxf7 Qxf7 30. Qc5 Kf6 31. Rd5 Re8 32. Bb4 Rc8 33. Qa5
Qc7 34. Rxe5 Qxe5 35. Bc3 Qxc3 36. Qxc3+ Kg6 37. Qe5 Rd8 38. g4 1-0

[Event "4NCL/Div2/PYO vs. NWE2"]
[Site "West Bromwich ENG"]
[Date "2004.09.19"]
[Round "2.6"]
[White "Jowett, Peter"]
[Black "Miller, Naomi K"]
[Result "1-0"]
[WhiteElo "2184"]
[BlackElo "2080"]
[PlyCount "55"]
[EventDate "2004.09.19"]
[SourceDate "2004.09.21"]

1. e4 c5 2. c3 d5 3. exd5 Qxd5 4. d4 g6 5. Be2 cxd4 6. cxd4 Bg7 7. Nf3 Nc6 8.
Nc3 Qd8 9. O-O Bg4 10. Be3 e6 11. h3 Bxf3 12. Bxf3 Nge7 13. Qb3 Qd7 14. Rfd1
O-O 15. d5 exd5 16. Bxd5 Nxd5 17. Nxd5 Na5 18. Qb4 Nc6 19. Nf6+ Bxf6 20. Qxf8+
Rxf8 21. Rxd7 Bxb2 22. Rb1 Be5 23. Rbxb7 Rc8 24. f4 Ba1 25. Rb1 Bg7 26. Rc1 Bf8
27. Kf2 a6 28. Rd3 1-0

[Event "4NCL/Div2/PYO vs. NWE2"]
[Site "West Bromwich ENG"]
[Date "2004.09.19"]
[Round "2.7"]
[White "Eckersley-Waites, Adam"]
[Black "Hanley, James"]
[Result "0-1"]
[WhiteElo "1987"]
[BlackElo "2062"]
[PlyCount "80"]
[EventDate "2004.09.19"]
[SourceDate "2004.09.21"]

1. e4 c5 2. Nf3 d6 3. d4 cxd4 4. Nxd4 Nf6 5. Nc3 g6 6. Be3 Bg7 7. f3 O-O 8. Qd2
Nc6 9. Bc4 Bd7 10. O-O-O Rb8 11. Bb3 Ne5 12. Bg5 b5 13. f4 b4 14. fxe5 bxc3 15.
Qe2 dxe5 16. Nc6 Qc7 17. Nxb8 cxb2+ 18. Kxb2 Rxb8 19. Qd3 Bb5 20. Qf3 a5 21.
Kc1 a4 22. Bd5 Nxd5 23. exd5 e4 24. Qg3 Be5 25. d6 exd6 26. Qe3 Bd3 27. Rxd3
exd3 28. Qxd3 Qb7 29. Rf1 Qb1+ 30. Kd2 Qb4+ 31. Ke3 Rc8 32. Kf2 Bd4+ 33. Ke2
Re8+ 34. Kf3 Rc8 35. Ke2 Be5 36. Kf2 Qc5+ 37. Ke2 Qxc2+ 38. Bd2 Qxa2 39. Rb1
Qe6 40. Kf1 Qc4 0-1

[Event "4NCL/Div2/PYO vs. NWE2"]
[Site "West Bromwich ENG"]
[Date "2004.09.19"]
[Round "2.8"]
[White "Lazarevic, Ljubica"]
[Black "Hegarty, Sarah"]
[Result "0-1"]
[WhiteElo "1845"]
[BlackElo "1880"]
[PlyCount "44"]
[EventDate "2004.09.19"]
[SourceDate "2004.09.21"]

1. e4 c5 2. Nc3 Nc6 3. f4 g6 4. Nf3 Bg7 5. g3 d6 6. Bg2 Nf6 7. O-O O-O 8. d3
Rb8 9. h3 b5 10. Rb1 b4 11. Ne2 Qa5 12. Be3 Bb7 13. Qd2 Nd7 14. a3 Qa6 15. axb4
Nxb4 16. g4 Nb6 17. f5 Bxe4 18. Ra1 Qb7 19. dxe4 Nc4 20. Qe1 Nxc2 21. Qc1 N4xe3
22. Bh1 Bxb2 0-1

[Event "4NCL/Div2/WRO vs. BAR2"]
[Site "West Bromwich ENG"]
[Date "2004.09.19"]
[Round "2.1"]
[White "Gayson, Peter M"]
[Black "Cox, John J"]
[Result "0-1"]
[WhiteElo "2256"]
[BlackElo "2314"]
[PlyCount "82"]
[EventDate "2004.09.19"]
[SourceDate "2004.09.21"]

1. e4 Nf6 2. e5 Nd5 3. d4 d6 4. c4 Nb6 5. f4 dxe5 6. fxe5 c5 7. d5 e6 8. Nc3
exd5 9. cxd5 c4 10. Nf3 Bb4 11. Bxc4 Bxc3+ 12. bxc3 Nxc4 13. Qa4+ Nd7 14. Qxc4
Nb6 15. Qb5+ Qd7 16. Qxd7+ Bxd7 17. d6 Rc8 18. Be3 Rxc3 19. Bxb6 axb6 20. Kd2
Ra3 21. Rhc1 Bc6 22. Nd4 Kd7 23. Rf1 Bd5 24. Rfc1 Rc8 25. Rxc8 Kxc8 26. Nf5
Bxg2 27. Nxg7 Kd7 28. Nh5 Bc6 29. Rf1 Ke6 30. Rf6+ Kxe5 31. d7 Bxd7 32. Rxf7
Bc6 33. h4 Rxa2+ 34. Ke3 Ra3+ 35. Kf2 Rh3 36. Rxh7 Rxh4 37. Kg3 Rh1 38. Re7+
Kd6 39. Rh7 b5 40. Rh6+ Kc5 41. Kg4 Be8 0-1

[Event "4NCL/Div2/WRO vs. BAR2"]
[Site "West Bromwich ENG"]
[Date "2004.09.19"]
[Round "2.2"]
[White "Rogers, Jonathan W"]
[Black "Tozer, Richard J D"]
[Result "1-0"]
[WhiteElo "2340"]
[BlackElo "2302"]
[PlyCount "89"]
[EventDate "2004.09.19"]
[SourceDate "2004.09.21"]

1. Nf3 d5 2. b4 Nf6 3. Bb2 Bf5 4. e3 e6 5. a3 Be7 6. Be2 Nbd7 7. O-O h6 8. c4
O-O 9. d4 Ne4 10. Nbd2 c6 11. Nxe4 Bxe4 12. Nd2 Bg6 13. Bc3 Bd6 14. Qb3 Qc7 15.
g3 Rfe8 16. Bf3 Nf6 17. Rfc1 Rac8 18. c5 Be7 19. Qa4 a6 20. Qd1 Nd7 21. a4 e5
22. Bg4 e4 23. b5 f5 24. Be2 axb5 25. axb5 Ra8 26. b6 Qb8 27. Nb3 Nf8 28. Bh5
Kh7 29. Be2 Ne6 30. Rxa8 Qxa8 31. Ra1 Qb8 32. Ra7 Bg5 33. Na5 Nd8 34. Qa4 Rf8
35. Nxb7 Nxb7 36. Qxc6 Nd8 37. Qxd5 Be8 38. Ra8 Bc6 39. Qxf5+ Rxf5 40. Rxb8 Rf7
41. Bc4 Rd7 42. Rc8 Bb7 43. Rc7 Rxc7 44. bxc7 Nc6 45. Bd5 1-0

[Event "4NCL/Div2/WRO vs. BAR2"]
[Site "West Bromwich ENG"]
[Date "2004.09.19"]
[Round "2.3"]
[White "Arnott, Jonathan W"]
[Black "Twyble, Michael S"]
[Result "0-1"]
[WhiteElo "2127"]
[BlackElo "2228"]
[PlyCount "62"]
[EventDate "2004.09.19"]
[SourceDate "2004.09.21"]

1. e4 c5 2. d3 Nc6 3. g3 d5 4. Nd2 Nf6 5. Bg2 e6 6. Ngf3 Be7 7. O-O O-O 8. c3
b5 9. exd5 exd5 10. a4 bxa4 11. Qxa4 Bd7 12. Qc2 Re8 13. b3 Rc8 14. Ba3 Bf5 15.
Nh4 Be6 16. Rfe1 Qd7 17. Ndf3 h6 18. Ne5 Nxe5 19. Rxe5 Ng4 20. Re2 Bxh4 21.
gxh4 Qc7 22. h3 Qh2+ 23. Kf1 Nf6 24. Re3 d4 25. Rxe6 fxe6 26. cxd4 cxd4 27. Bc5
Nd5 28. Rxa7 Nf4 29. Be4 Qxh3+ 30. Ke1 Qg4 31. Kf1 Rxc5 0-1

[Event "4NCL/Div2/WRO vs. BAR2"]
[Site "West Bromwich ENG"]
[Date "2004.09.19"]
[Round "2.4"]
[White "Mack, Andrew"]
[Black "Burnett, Jim"]
[Result "1/2-1/2"]
[WhiteElo "2251"]
[BlackElo "2188"]
[PlyCount "49"]
[EventDate "2004.09.19"]
[SourceDate "2004.09.21"]

1. e4 d5 2. exd5 Qxd5 3. Nc3 Qa5 4. Bc4 Nf6 5. d4 c6 6. Nf3 Bf5 7. Bd2 e6 8.
Qe2 Bb4 9. O-O-O Nbd7 10. a3 Bxc3 11. Bxc3 Qc7 12. Ne5 Nxe5 13. dxe5 Nd5 14.
Bd4 b6 15. Rhe1 O-O-O 16. Bxd5 exd5 17. g4 Be6 18. f4 c5 19. Bf2 d4 20. Bh4
Rde8 21. f5 Bd5 22. Bg3 Qb7 23. Rf1 Kb8 24. Rde1 Ka8 25. Qd3 1/2-1/2

[Event "4NCL/Div2/WRO vs. BAR2"]
[Site "West Bromwich ENG"]
[Date "2004.09.19"]
[Round "2.5"]
[White "Adams, David M"]
[Black "Hodgson, John H"]
[Result "1/2-1/2"]
[WhiteElo "2180"]
[BlackElo "2230"]
[PlyCount "82"]
[EventDate "2004.09.19"]
[SourceDate "2004.09.21"]

1. e4 c5 2. Nf3 d6 3. Bb5+ Nc6 4. O-O Bd7 5. c3 a6 6. Ba4 Nf6 7. Re1 c4 8. Bc2
Ne5 9. Nxe5 dxe5 10. d4 cxd3 11. Qxd3 Qc7 12. h3 Bc6 13. Qf3 e6 14. Be3 Be7 15.
Nd2 O-O 16. a4 Nd7 17. Qg3 Kh8 18. Nf3 h6 19. Nd4 b6 20. Nxc6 Qxc6 21. f4 Bc5
22. f5 Rad8 23. Kh1 Rfe8 24. Rad1 exf5 25. exf5 f6 26. Bb3 Bxe3 27. Qxe3 Nc5
28. Bf7 Rf8 29. a5 bxa5 30. Qe2 Qc8 31. Rxd8 Rxd8 32. Rd1 Rxd1+ 33. Qxd1 Qd7
34. Qxd7 Nxd7 35. Bc4 Nb8 36. b3 Kh7 37. Bd3 Kg8 38. Kg1 Kf8 39. Kf2 Ke7 40.
Kf3 Kd6 41. Kg4 Nc6 1/2-1/2

[Event "4NCL/Div2/WRO vs. BAR2"]
[Site "West Bromwich ENG"]
[Date "2004.09.19"]
[Round "2.6"]
[White "Berry, Neil"]
[Black "Taylor, Robert K"]
[Result "1/2-1/2"]
[WhiteElo "2228"]
[BlackElo "2149"]
[PlyCount "47"]
[EventDate "2004.09.19"]
[SourceDate "2004.09.21"]

1. Nf3 Nf6 2. c4 e6 3. Nc3 c5 4. g3 Nc6 5. Bg2 d6 6. O-O Be7 7. d4 e5 8. dxe5
dxe5 9. Qxd8+ Bxd8 10. Ne1 Be6 11. Bxc6+ bxc6 12. b3 Bh3 13. Ng2 Nd7 14. Be3
Ba5 15. Na4 O-O-O 16. Rfd1 h6 17. Ne1 e4 18. Nxc5 Nxc5 19. Bxc5 Bc3 20. Rab1
Kb7 21. Nc2 Bg4 22. Kf1 Bh3+ 23. Kg1 Bg4 24. Kf1 1/2-1/2

[Event "4NCL/Div2/WRO vs. BAR2"]
[Site "West Bromwich ENG"]
[Date "2004.09.19"]
[Round "2.7"]
[White "Cumbers, Paul"]
[Black "Flower, David"]
[Result "1/2-1/2"]
[WhiteElo "2118"]
[BlackElo "2115"]
[PlyCount "153"]
[EventDate "2004.09.19"]
[SourceDate "2004.09.21"]

1. e4 d6 2. d4 Nf6 3. Nc3 e5 4. dxe5 dxe5 5. Qxd8+ Kxd8 6. Bg5 Be6 7. O-O-O+
Kc8 8. Nf3 Bd6 9. h3 Nbd7 10. a3 Bc5 11. Bh4 h6 12. g4 a6 13. Bg2 Nh7 14. Bg3
f6 15. Nh4 Re8 16. Nf5 Bf8 17. Nd5 c6 18. Nc3 Kc7 19. Rd2 g6 20. Ne3 Bc5 21.
Re1 b5 22. Ncd1 a5 23. f3 b4 24. a4 Bd4 25. Rxd4 Nc5 26. Nf2 Nxa4 27. Red1 Nc5
28. Rd6 b3 29. c3 a4 30. Rxe6 Nxe6 31. Nc4 Nhf8 32. Nd3 Nd7 33. f4 Nb6 34. Nxb6
Kxb6 35. fxe5 fxe5 36. Nxe5 Red8 37. Rxd8 Rxd8 38. Nc4+ Kb7 39. Nd6+ Kb6 40. e5
Rf8 41. Ne4 Ra8 42. Bf1 Kc7 43. Bc4 Kd7 44. Kd2 Ke7 45. Bxe6 Kxe6 46. c4 Ke7
47. h4 a3 48. bxa3 b2 49. Kc2 Rxa3 50. Bf4 Rd3 51. Bxh6 Rd4 52. Nf2 Rxc4+ 53.
Kxb2 Ke6 54. Kb3 Rc5 55. Nd3 Rb5+ 56. Kc4 Rb1 57. Nf4+ Kxe5 58. Nxg6+ Ke4 59.
Kc5 Rg1 60. g5 Kf5 61. Ne7+ Ke6 62. Nxc6 Rc1+ 63. Kb5 Rb1+ 64. Ka4 Rh1 65. Nd4+
Kf7 66. Nf3 Rh3 67. Ne5+ Ke6 68. Bg7 Rxh4+ 69. Kb5 Re4 70. Nf3 Rf4 71. Nd4+ Kf7
72. Be5 Re4 73. Nc6 Re2 74. Bf6 Rf2 75. Ne5+ Ke6 76. Ng4 Rf4 77. Ne3 1/2-1/2

[Event "4NCL/Div2/WRO vs. BAR2"]
[Site "West Bromwich ENG"]
[Date "2004.09.19"]
[Round "2.8"]
[White "Smith, Lucy"]
[Black "Guo, Xi-Yang"]
[Result "1/2-1/2"]
[WhiteElo "1905"]
[BlackElo "1885"]
[PlyCount "90"]
[EventDate "2004.09.19"]
[SourceDate "2004.09.21"]

1. d4 Nf6 2. c4 g6 3. Nc3 Bg7 4. Bf4 d5 5. e3 O-O 6. Nf3 a6 7. cxd5 Nxd5 8.
Nxd5 Qxd5 9. Bxc7 Nc6 10. Bg3 Rd8 11. Be2 e5 12. O-O exd4 13. exd4 Bg4 14. h3
Bh5 15. Re1 Rac8 16. b3 Qa5 17. Rc1 Nxd4 18. Rxc8 Nxe2+ 19. Qxe2 Rxc8 20. Rd1
Qf5 21. Qd3 Qxd3 22. Rxd3 Bxf3 23. Rxf3 Rc1+ 24. Kh2 Rc2 25. a4 Rc3 26. Rxc3
Bxc3 27. Bd6 f5 28. Kg3 Kf7 29. Kf3 Ke6 30. Bf8 Bf6 31. Ke3 Bg5+ 32. Kd3 Kd5
33. Bg7 Bf4 34. f3 Be5 35. Bf8 Bf6 36. Bb4 h5 37. Bd2 Bd4 38. Bb4 b6 39. Bd2 a5
40. Be1 Bc5 41. Bd2 Bb4 42. Bxb4 axb4 43. f4 h4 44. Ke3 Kc5 45. Kd3 Kd5 {
Match result 1-0} 1/2-1/2